00529nam a22001692 4500001001100000005001700011008004100028040001500069245005500084250001300139260004000152300001500192650003000207650006300237650005600300852000300356000001875820151217152133.0100617s xx 000 0 eng d aKABUcKABU10aUniversal's press, media & telecommunication laws. a1st ed. aNew Delhi :bUniversal Law,c[2009] av, 737 p. 0aPresszIndia.@0000178108 0aTelecommunicationxLaw and legislationzIndia.@0000178109 0aMass mediaxLaw and legislationzIndia.@00001781101